Statistics for Daily Country Riddle #71

Click here to take the quiz!

General Stats

  • This quiz has been taken 93 times
  • The average score is 13 of 19

Answer Stats

TypeAnswer% Correct
Found LetterA
100%
Found LetterI
98%
Found LetterR
95%
Found LetterN
91%
Found LetterE
89%
Found LetterS
85%
Found LetterG
82%
Found LetterO
69%
Correctly Placed LetterI
66%
Correctly Placed LetterN
58%
Correctly Placed LetterA
51%
Correctly Placed LetterE
51%
Correctly Placed LetterG
51%
Correctly Placed LetterO
51%
Correctly Placed LetterP
51%
Found LetterP
51%
Correctly Placed LetterR
51%
Correctly Placed LetterS
51%
Mystery CountrySingapore
51%

Score Distribution

Percentile by Number Answered

Percent of People with Each Score

Your Score History

You have not taken this quiz